Quiz sur le Québec pour les PROS ! - Statistiques

Statistiques générales
  • Ce quiz a été pris 54 fois
  • Le résultat moyen est 14 sur 25
Statistiques - réponses
Hint Réponse % Correct
Dans quelle région administrative se retrouve le fameux Roché Percé ? Gaspésie
95%
Comment se nomme le populaire cirque qui a été créé par Guy Laliberté? Cirque du Soleil
85%
Compléter l'expression québécoise : ''Avoir l'air de la chienne à ______'' Jacques
83%
Quel groupe de musique québécois a écrit la chanson ''Les étoiles filantes'' ? Les Cowboys Fringants
80%
Quel invention québécoise permet de se déplacer plus facilement sur la neige, parfois même à des fins récréatives? Motoneige
73%
À quel parti politique appartenait Jean Charest ? Libéral
68%
Comment se nomme la chaîne de montagne qui borde le Québec au sud ? Appalaches
63%
Quel homme québécois était, à l'époque, reconnu pour sa grande force ? Louis Cyr
63%
Quelle équipe nationale de hockey originaire du Québec a été envoyée au Colorado ? Nordiques
63%
Quelle nom donne t-on à la coupe de cheveux dite de ''courte sur le top et long en arrière'' ? Longueuil
60%
Nom du joueur de hockey des Canadiens de Montréal portant le surnom ''The Rocket'' Maurice Richard
60%
Qui fait, selon sa chanson, ''les choses à sa manière'' ? Roxanne Bruneau
60%
Quelle compagnie originaire du Québec est reconnue en partie pour son gâteau ''Joe Louis'' ? Vachon
60%
Qui a fondé la ville de Québec ? Samuel de Champlain
55%
Qui était au pouvoir lors de ''la Grande Noirceur'' au Québec ? Maurice Duplessis
53%
Quelle type de forêt est la plus répandue au Québec ? Boréale
50%
À quel compagnie de déménagement québécoise le numéro 1-844-937-0707 fait-il référence ? Le Clan Panneton
50%
Dans quelle ville la chanteuse Céline Dion est-elle née ? Charlemagne
48%
Quel réalisateur québécois a réalisé le film ''Dune'' ? Denis Villeneuve
40%
En quelle année a eu lieu la bataille des Plaines d'Abraham ? 1759
38%
Nom du premier ministre du Québec lors du deuxième référendum de 1995 Jacques Parizeau
38%
Comment se nomme le zèbre dans l'émission pour enfants Passe-Partout ? Alakazou
35%
Combien de députés l'assemblée nationale possède-t-elle ? 125
30%
Nom du plus gros barrage hydroélectrique du Québec Daniel Johnson
20%
Quel célèbre peintre est d'origine québécoise ? Jean Paul Riopelle
15%
Aucun quiz correspondant
Distribution des résultats
% des personnes avec chaque résultat
Percentile par nombre de réponses
Votre historique - résultats
Vous n’avez pas pris ce quiz